Azusa Street. (Record no. 14136)

000 -LEADER
fixed length control field 01642nam a2200313 a 4500
001 - CONTROL NUMBER
control field :::00011960$&:&@@
003 - CONTROL NUMBER IDENTIFIER
control field OkBaRHE
005 - DATE AND TIME OF LATEST TRANSACTION
control field 20110513122017.0
008 - FIXED-LENGTH DATA ELEMENTS--GENERAL INFORMATION
fixed length control field s1980 j 000 0 eng u
020 ## - INTERNATIONAL STANDARD BOOK NUMBER
International Standard Book Number 0882704397 (pbk.)
040 ## - CATALOGING SOURCE
Transcribing agency
100 1# - MAIN ENTRY--PERSONAL NAME
Personal name Bartleman, Frank, 1871-1935.
245 10 - TITLE STATEMENT
Title Azusa Street.
Statement of responsibility, etc Foreword by Vinson Synan.
260 ## - PUBLICATION, DISTRIBUTION, ETC. (IMPRINT)
Place of publication, distribution, etc South Plainfield, NJ., :
Name of publisher, distributor, etc Bridge Publishing Inc.
Date of publication, distribution, etc 1980
300 ## - PHYSICAL DESCRIPTION
Extent xxvi, 184 p. ;
Dimensions 21 cm.
650 ## - SUBJECT ADDED ENTRY--TOPICAL TERM
Topical term or geographic name as entry element Bartleman, Frank, 1871-1935.
650 ## - SUBJECT ADDED ENTRY--TOPICAL TERM
Topical term or geographic name as entry element Los Angeles (California)
General subdivision Church History
650 ## - SUBJECT ADDED ENTRY--TOPICAL TERM
Topical term or geographic name as entry element Pentecostalism
General subdivision History
650 ## - SUBJECT ADDED ENTRY--TOPICAL TERM
Topical term or geographic name as entry element Pentecostals
General subdivision United States
-- Biography
650 ## - SUBJECT ADDED ENTRY--TOPICAL TERM
Topical term or geographic name as entry element Revivals
General subdivision California
-- Los Angeles
730 ## - ADDED ENTRY--UNIFORM TITLE
Uniform title How Pentecost came to Los Angeles
942 ## - ADDED ENTRY ELEMENTS (KOHA)
Source of classification or shelving scheme
Koha item type Books
Copies
Withdrawn status Permanent Location Price effective from Date checked out Source of classification or shelving scheme Copy number Koha item type Shelving location Date last seen Damaged status Not for loan Lost status Total Renewals Date acquired Current Location Total Checkouts Barcode Full call number
 RHEMA Bible Training College2010-04-14  2BooksGeneral Stacks2010-04-14    2010-04-14  16604BX 8762 .Z8 B373 1980
 RHEMA Bible Training College2010-04-14  4BooksGeneral Stacks2010-04-14    2010-04-14  16606BX 8762 .Z8 B373 1980
 RHEMA Bible Training College2010-04-142012-02-01 1BooksGeneral Stacks2012-02-07   12010-04-14RHEMA Bible Training College211960BX 8762 .Z8 B373 1980
 RHEMA Bible Training College2010-04-142014-10-27 3BooksGeneral Stacks2015-01-12   52010-04-14RHEMA Bible Training College216605BX 8762 .Z8 B373 1980
 RHEMA Bible Training College2010-04-142011-03-01 5BooksGeneral Stacks2011-04-15   12010-04-14RHEMA Bible Training College116607BX 8762 .Z8 B373 1980
 RHEMA Bible Training College2010-04-142012-02-07 6BooksGeneral Stacks2012-02-28   12010-04-14RHEMA Bible Training College200020506BX 8762 .Z8 B373 1980